00405nam a2200145Ia 4500008004100000020001500041041000800056082001700064100003800081245004600119250000600165260003900171300001400210650003500224210716s2008 xx 000 0 und d a8177584790 aeng a621.367 ANNS aAnnadurai, S; Shanmugalakshmi, R. aFundamentals of digital image processing. a1 aNew DelhibPearson Educationc2008 axviii,422 aImage Processing-Photo Optics(